MARC

LEADER 00000nam0a2200000 4500
001 73132
005 20231101212704.0
010 |a 5930371105 
035 |a (RuTPU)RU\TPU\book\77996 
090 |a 73132 
100 |a 20050210d2003 m y0rusy50 ca 
101 0 |a rus 
102 |a RU 
105 |a a j 001zy 
200 1 |a Виртуальная электротехника. Компьютерные технологии в электротехнике и электронике  |e учебное пособие  |f И. И. Алиев  |g Московский институт коммунального хозяйства и строительства 
210 |a Москва  |c РадиоСофт  |d 2003 
215 |a 112 с.  |c ил. 
320 |a Библиогр.: с. 112. 
606 1 |a Электротехника  |x Вычислительная техника  |2 stltpush  |3 (RuTPU)RU\TPU\subj\20900  |9 45961 
610 1 |a электротехника 
610 1 |a электрические схемы 
610 1 |a анализ 
610 1 |a моделирование 
610 1 |a Multisim 
610 1 |a виртуальные электрические цепи 
610 1 |a сборка 
610 1 |a исследование 
610 1 |a виртуальные лабораторные работы 
610 1 |a компьютерное моделирование 
610 1 |a контрольные работы 
610 1 |a учебные пособия 
675 |a 621.3:681.3(075.8)  |v 3 
700 1 |a Алиев  |b И. И. 
712 0 2 |a Московский институт коммунального хозяйства и строительства  |2 stltpush  |3 (RuTPU)RU\TPU\col\6962 
801 1 |a RU  |b 63413507  |c 20050210  |g PSBO 
801 2 |a RU  |b 63413507  |c 20130222  |g PSBO 
942 |c BK 
959 |a 11/20050209  |d 2  |e 110  |f НФ:2